Revue d'Économie Industrielle

Saved in:
Bibliographic Details
Format: Serial
Language:French
Published: Paris Publicé avec le concours du C.N.R.S. 1991
Subjects:
Tags: Add Tag
No Tags, Be the first to tag this record!

MARC

LEADER 00000nas2a2200000 4500
001 s015313
005 20041019155330.2
022 |a 0154-3229 
041 0 |a fre 
044 |a FR 
245 1 0 |a Revue d'Économie Industrielle 
264 1 |a Paris  |b Publicé avec le concours du C.N.R.S.  |c 1991 
300 |a 1 zv. 
773 0 |w eu_un_cat*s120271 
610 2 0 |a riadenie priemyslu 
610 2 0 |a priemysel